| 000 | 00863nam a2200229Ia 4500 | ||
|---|---|---|---|
| 001 | L200-55240 | ||
| 003 | IT-CnALBA | ||
| 008 | 170116s9999||||xx |||||||||||||| ||und|| | ||
| 040 |
_aIT-CnALBA _cIT-CnALBA |
||
| 041 | _aITALIANO | ||
| 100 | _aL'ARCO ADOLFO, SALESIANO. | ||
| 245 | 0 | _aLA GIOIA A PORTATA DI MANO. | |
| 250 | _a1a ed. | ||
| 260 |
_a UDINE _bSEGNO, EDIZIONI _c2002 [1° Ed.:2002 - Ed.Ling.Originale: 2002] |
||
| 300 | _a106 p. | ||
| 500 | _aDISTINGUERE E VIVERE BENE. SOPRAVVIVERE E CONVIVERE. AMORE ALLA MADONNA COME A GESÙ. | ||
| 501 | _aSocietà San Paolo EM - Piazza San Paolo, 14 - 12051 ALBA (CN) (non commercial uses only) ® Copyright 2017 | ||
| 520 | _aDISTINGUERE E VIVERE BENE. SOPRAVVIVERE E CONVIVERE. AMORE ALLA MADONNA COME A GESÙ. | ||
| 650 | _aRELIGIONE - RELIGIONE CRISTIANA | ||
| 942 | _cBK | ||
| 957 | _71 | ||
| 999 |
_a72730 _bNO _g Copie: 1 _c314092 _d314092 |
||